Catalog

Record Details

Catalog Search



Násilí ve škole : srovnávací sonda v České republice a USA ; absolventská práce Cover Image Book Book

Násilí ve škole : srovnávací sonda v České republice a USA ; absolventská práce Eva Hofmannová ; vedoucí práce Ing. Mgr. Jan Dočkal, CSc.

Record details

  • Physical Description: 51 s. tab. v textu

Content descriptions

General Note:
příl.
Bibliography, etc. Note:
biblogr. s. 47

Available copies

  • 2 of 2 copies available at Common Catalog SPOK.

Holds

  • 0 current holds with 2 total copies.
Show All Copies
Location Call Number / Copy Notes Barcode Shelving Location Status Due Date
Jabok Library ABP-0177 424480002970 Absolventské práce Reference -
Jabok Library ABP-0178 424480002975 Depozitář - Absolv. práce Reference -

LDR 00783ntm a22 a 4500
0017670
003CZ-PrJAB
00520020429000000.0
008000217s2000 xr e |||| |cze
009cz
035 . ‡a(CONS)7670
035 . ‡aKPS0006152
040 . ‡a
0410 . ‡acze
10011. ‡74889 ‡aHofmannová, Eva
110 2. ‡aJABOK - Vyšší sociálně pedagogická a teologická škola
2451 . ‡aNásilí ve škole : ‡bsrovnávací sonda v České republice a USA ; absolventská práce ‡cEva Hofmannová ; vedoucí práce Ing. Mgr. Jan Dočkal, CSc.
260 . ‡aPraha ‡c2000
300 . ‡a51 s. ‡btab. v textu
500 . ‡apříl.
504 . ‡abiblogr. s. 47
653 . ‡anásilí ‡ašikana ‡aagresivita ‡aděti ‡aškoly ‡aSpojené státy americké ‡aČeská republika
70011. ‡72225 ‡aDočkal, Jan ‡d1940-
999 . ‡a177-d ‡c177-d ‡i424480002970 ‡l ‡tP
999 . ‡a178-d ‡c178-d ‡i424480002975 ‡l ‡tP
910 . ‡aABG312
901 . ‡a7670 ‡bUnknown ‡c7670 ‡tbiblio

Additional Resources